[Event "BLR-ch (Women)"]
[Site "Minsk"]
[Date "2009.01.19"]
[Round "5"]
[White "Shilo, Evgenija"]
[Black "Stetsko, Lanita"]
[Result "0-1"]
[WhiteElo "2048"]
[BlackElo "2096"]
[PlyCount "96"]
[EventDate "2009.01.15"]
[EventType "tourn"]
[EventRounds "9"]
[EventCountry "BLR"]
[SourceTitle "CBM 128 Extra"]
[Source "ChessBase"]
[SourceDate "2009.03.05"]
[SourceVersion "2"]
[SourceVersionDate "2009.03.25"]
[SourceQuality "1"]

1. e4 e6 2. d4 d5 3. Nc3 Bb4 4. e5 c5 5. a3 Bxc3+ 6. bxc3 Ne7 7. Qg4 Qc7 8. Ra2 Nf5 9. Bd3 cxd4 10. Ne2 h5 11. Qg5 Qxe5 12. cxd4 Qf6 13. Qxf6 gxf6 14. Bxf5 exf5 15. Nf4 Be6 16. Rb2 Nc6 17. c3 0-0-0 18. h4 Na5 19. 0-0 b6 20. Re2 Rd6 21. Rfe1 Kd7 22. Re3 Nc4 23. Rg3 Kc6 24. Rf3 Kb5 25. Nd3 a5 26. Nb2 Nxa3 27. Nd1 Nc4 28. Ne3 Nxe3 29. Rfxe3 Kc4 30. Ba3 Rd7 31. Rb1 Rb7 32. f4 Rc8 33. Kf2 b5 34. Bc5 Rxc5 35. dxc5 Kxc5 36. Ra1 Kb6 37. Ke2 Rc7 38. Kd3 Rc4 39. g3 a4 40. Re2 Kc5 41. Ra3 d4 42. Rb2 dxc3 43. Rxc3 b4 44. Rcc2 a3 45. Rb1 Rxc2 46. Kxc2 b3+ 47. Kc3 b2 48. Re1 Ba2 0-1

[Event "BLR-ch (Women)"]
[Site "Minsk"]
[Date "2009.01.17"]
[Round "3"]
[White "Shilo, Evgenija"]
[Black "Kovaleva, Ekaterina"]
[Result "1-0"]
[WhiteElo "2048"]
[BlackElo "2124"]
[PlyCount "59"]
[EventDate "2009.01.15"]
[EventType "tourn"]
[EventRounds "9"]
[EventCountry "BLR"]
[SourceTitle "CBM 128 Extra"]
[Source "ChessBase"]
[SourceDate "2009.03.05"]
[SourceVersion "2"]
[SourceVersionDate "2009.03.25"]
[SourceQuality "1"]

1. e4 c5 2. Nf3 e6 3. d4 cxd4 4. Nxd4 Nf6 5. Bd3 d6 6. 0-0 a6 7. c4 Nbd7 8. Nc3 Be7 9. b3 Qc7 10. Bb2 0-0 11. Rc1 b6 12. f4 Re8 13. g4 Nc5 14. Bb1 Bb7 15. Qe2 e5 16. Nf5 Bf8 17. fxe5 dxe5 18. b4 g6 19. Ng3 Ncd7 20. g5 Nh5 21. Nxh5 gxh5 22. Qxh5 Re7 23. Nd5 Bxd5 24. cxd5 Qb8 25. Rc6 Qe8 26. a3 Bg7 27. d6 Re6 28. Ba2 Nf8 29. Rc7 Nd7 30. Qxf7+ 1-0

[Event "BLR-ch U20 Girls"]
[Site "Minsk"]
[Date "2008.04.21"]
[Round "8"]
[White "Minina, Alena"]
[Black "Shilo, Evgenija"]
[Result "1-0"]
[WhiteElo "2071"]
[BlackElo "2005"]
[PlyCount "51"]
[EventDate "2008.04.14"]
[EventType "tourn"]
[EventRounds "9"]
[EventCountry "BLR"]
[SourceTitle "EXT 2011"]
[Source "ChessBase"]
[SourceDate "2010.11.26"]
[SourceVersion "1"]
[SourceVersionDate "2010.11.26"]
[SourceQuality "1"]

1. d4 Nf6 2. c4 g6 3. Nc3 d5 4. cxd5 Nxd5 5. Nf3 Bg7 6. e4 Nxc3 7. bxc3 c5 8. Be3 Qa5 9. Qd2 Nc6 10. Rc1 cxd4 11. cxd4 Qxd2+ 12. Kxd2 0-0 13. d5 Rd8 14. Bd3 Na5 15. Ke2 Bd7 16. Rc7 Kf8 17. Rhc1 b6 18. Bd2 Ke8 19. Rxd7 Rxd7 20. Bb5 Kd8 21. Bxd7 Kxd7 22. Ng5 f6 23. Ne6 Bf8 24. Rc7+ Ke8 25. Bb4 a6 26. Nxf8 1-0

[Event "BLR-ch U20 Girls"]
[Site "Minsk"]
[Date "2008.04.17"]
[Round "4"]
[White "Kirpichenko, Ekaterina"]
[Black "Shilo, Evgenija"]
[Result "1-0"]
[WhiteElo "2061"]
[BlackElo "2005"]
[PlyCount "51"]
[EventDate "2008.04.14"]
[EventType "tourn"]
[EventRounds "9"]
[EventCountry "BLR"]
[SourceTitle "EXT 2011"]
[Source "ChessBase"]
[SourceDate "2010.11.26"]
[SourceVersion "1"]
[SourceVersionDate "2010.11.26"]
[SourceQuality "1"]

1. e4 c5 2. b3 Nc6 3. Bb2 d5 4. exd5 Qxd5 5. Qf3 Qxf3 6. Nxf3 Bf5 7. Na3 0-0-0 8. 0-0-0 e6 9. Nh4 Nh6 10. h3 Nb4 11. Nxf5 Nxf5 12. Kb1 h5 13. Nc4 f6 14. Ne3 Nxe3 15. fxe3 Bd6 16. Bc4 Rhe8 17. e4 Bf4 18. d4 cxd4 19. Bxd4 Nc6 20. Bb5 Kc7 21. Rhf1 Bg3 22. Rd3 h4 23. Rfd1 a6 24. Bxc6 Kxc6 25. Rc3+ Kd7 26. Bxf6+ 1-0

[Event "BLR-ch U20 Girls"]
[Site "Minsk"]
[Date "2008.04.15"]
[Round "2"]
[White "Scherbakova, Alisa"]
[Black "Shilo, Evgenija"]
[Result "0-1"]
[WhiteElo "1962"]
[BlackElo "2005"]
[PlyCount "126"]
[EventDate "2008.04.14"]
[EventType "tourn"]
[EventRounds "9"]
[EventCountry "BLR"]
[SourceTitle "EXT 2011"]
[Source "ChessBase"]
[SourceDate "2010.11.26"]
[SourceVersion "1"]
[SourceVersionDate "2010.11.26"]
[SourceQuality "1"]

1. e4 c5 2. Nf3 Nc6 3. d4 cxd4 4. Nxd4 g6 5. Nc3 Bg7 6. Be3 Nf6 7. Bc4 0-0 8. Bb3 a5 9. f3 d5 10. Nxc6 bxc6 11. exd5 Nxd5 12. Nxd5 cxd5 13. c3 Bb7 14. 0-0 Qc7 15. Rf2 e6 16. Rc1 Ba6 17. Qd2 Rfc8 18. Qe1 Bb5 19. a3 a4 20. Ba2 Rab8 21. f4 Rb7 22. Bb1 Qc4 23. Rd1 Rcb8 24. Bd4 Ba6 25. Bxg7 Kxg7 26. Rd4 Qc5 27. Qc1 f6 28. g4 e5 29. Rb4 Rxb4 30. axb4 Rxb4 31. Kg2 e4 32. Qd1 Rb7 33. Qxa4 Bb5 34. Qd4 Qxd4 35. cxd4 e3 36. Rf3 Bc4 37. Rxe3 Rxb2+ 38. Kf3 Rxb1 39. Re7+ Kg8 40. Rc7 Rd1 41. Rc8+ Kf7 42. Rc7+ Ke6 43. Rc6+ Ke7 44. Rc7+ Kd6 45. Rxh7 Rd3+ 46. Kf2 Rxd4 47. Kf3 Rd3+ 48. Kf2 Rd2+ 49. Ke3 Re2+ 50. Kf3 d4 51. Rh8 d3 52. Rd8+ Ke7 53. Rd4 d2 54. h4 Ba6 55. h5 gxh5 56. gxh5 Kf7 57. Rd7+ Kg8 58. h6 Bb5 59. Rd6 Kh7 60. f5 Ba6 61. Kg3 Re3+ 62. Kf2 Rd3 63. Rxa6 d1Q 0-1

[Event "BLR-ch (Women) 52nd"]
[Site "Minsk"]
[Date "2008.03.20"]
[Round "11"]
[White "Shilo, Evgenija"]
[Black "Popova, Natalija"]
[Result "0-1"]
[WhiteElo "1966"]
[BlackElo "2252"]
[PlyCount "57"]
[EventDate "2008.03.10"]
[EventType "swiss"]
[EventRounds "11"]
[EventCountry "BLR"]
[SourceTitle "CBM 123 Extra"]
[Source "ChessBase"]
[SourceDate "2008.05.06"]
[SourceVersion "1"]
[SourceVersionDate "2008.05.06"]
[SourceQuality "1"]

1. e4 c5 2. Nf3 Nc6 3. d4 cxd4 4. Nxd4 Nf6 5. Nc3 e5 6. Ndb5 d6 7. Bg5 a6 8. Na3 b5 9. Nd5 Be7 10. Bxf6 Bxf6 11. c4 bxc4 12. Nxc4 Nd4 13. Ndb6 Rb8 14. Qa4+ Kf8 15. Nxc8 Rxc8 16. Bd3 Rc6 17. Ne3 a5 18. 0-0 g6 19. Nd5 Rc5 20. Rac1 Ne6 21. Nxf6 Qxf6 22. Bb5 Qd8 23. Rxc5 Nxc5 24. Qc4 Qb6 25. a4 Kg7 26. b4 axb4 27. Qxb4 Ra8 28. Ra1 Nd3 29. Qd2 0-1

[Event "Bykova Memorial op (Women)"]
[Site "Vladimir"]
[Date "2007.12.20"]
[Round "7"]
[White "Shilo, Evgenija"]
[Black "Eidelson, Rakhil"]
[Result "1/2-1/2"]
[WhiteElo "1966"]
[BlackElo "2189"]
[PlyCount "121"]
[EventDate "2007.12.14"]
[EventType "swiss"]
[EventRounds "10"]
[EventCountry "RUS"]
[SourceTitle "CBM 122 Extra"]
[Source "ChessBase"]
[SourceDate "2008.03.04"]
[SourceVersion "1"]
[SourceVersionDate "2008.03.04"]
[SourceQuality "1"]

1. e4 c5 2. Nf3 Nc6 3. c4 d6 4. d4 Bg4 5. d5 Nd4 6. Nc3 g6 7. h3 Nxf3+ 8. gxf3 Bd7 9. h4 Nf6 10. Be3 Bg7 11. Qd2 h6 12. Bh3 Bxh3 13. Rxh3 a6 14. a4 Qa5 15. Ne2 Qc7 16. Ng3 h5 17. a5 Nd7 18. Qc2 b5 19. axb6 Qxb6 20. Ra2 Rb8 21. Bc1 0-0 22. f4 Qb3 23. Qxb3 Rxb3 24. Rxa6 Nb6 25. Kf1 Nxc4 26. Kg2 Rfb8 27. Ra7 R3b7 28. Rxb7 Rxb7 29. f5 Nxb2 30. fxg6 fxg6 31. Ne2 Nc4 32. Rg3 Ne5 33. Nf4 Rb1 34. Bd2 Rb2 35. Bc3 Rc2 36. Ne6 Kh7 37. Nxg7 Kxg7 38. Bxe5+ dxe5 39. Ra3 Rc4 40. Kf3 Rd4 41. Ra6 c4 42. Rc6 Kf7 43. Rc8 Rd3+ 44. Kg2 c3 45. Kh2 Rd4 46. Rxc3 Rxe4 47. Kg3 Rg4+ 48. Kh3 Rd4 49. Rc5 Kf6 50. f3 Rd3 51. Kg2 Kf5 52. Rc7 Kf4 53. Rxe7 Rd2+ 54. Kh3 Rxd5 55. Rf7+ Ke3 56. Kg3 Rd4 57. Re7 Rd5 58. Re6 Ke2 59. Kg2 Ke3 60. Kg3 Ke2 61. Kg2 1/2-1/2

[Event "Bykova Memorial op (Women)"]
[Site "Vladimir"]
[Date "2007.12.17"]
[Round "4"]
[White "Borisova, Elizaveta"]
[Black "Shilo, Evgenija"]
[Result "1-0"]
[WhiteElo "2266"]
[BlackElo "1966"]
[PlyCount "81"]
[EventDate "2007.12.14"]
[EventType "swiss"]
[EventRounds "10"]
[EventCountry "RUS"]
[SourceTitle "CBM 122 Extra"]
[Source "ChessBase"]
[SourceDate "2008.03.04"]
[SourceVersion "1"]
[SourceVersionDate "2008.03.04"]
[SourceQuality "1"]

1. d4 Nf6 2. c4 g6 3. Nc3 Bg7 4. e4 d6 5. f3 0-0 6. Be3 Nc6 7. Nge2 a6 8. Qd2 Rb8 9. h4 b5 10. h5 e5 11. d5 Na5 12. Ng3 Nxc4 13. Bxc4 bxc4 14. 0-0-0 Nd7 15. Rh2 f5 16. Bg5 Bf6 17. Bxf6 Qxf6 18. hxg6 Nc5 19. gxh7+ Kh8 20. Kb1 Nd3 21. b3 Nc5 22. Rdh1 f4 23. Nh5 Qf7 24. Ne2 cxb3 25. a3 Qe8 26. Qc3 Na4 27. Qxc7 Rb7 28. Qxd6 Rb6 29. Qc7 Rf7 30. Qc4 a5 31. Nc3 Nxc3+ 32. Qxc3 Ba6 33. Rh4 a4 34. Nxf4 b2 35. Ne6 Qb8 36. Rg4 Rxh7 37. Rxh7+ Kxh7 38. Rh4+ Kg6 39. Qe3 Qc8 40. Qg5+ Kf7 41. Qg7+ 1-0

[Event "Ilichevsk Sunny Pawn op"]
[Site "Ilichevsk"]
[Date "2007.07.31"]
[Round "11"]
[White "Shilo, Evgenija"]
[Black "Neschetny, Viktor"]
[Result "0-1"]
[WhiteElo "1996"]
[BlackElo "2138"]
[PlyCount "136"]
[EventDate "2007.07.20"]
[EventType "swiss"]
[EventRounds "11"]
[EventCountry "UKR"]
[SourceTitle "CBM 119 Extra"]
[Source "ChessBase"]
[SourceDate "2007.09.04"]
[SourceVersion "1"]
[SourceVersionDate "2007.09.04"]
[SourceQuality "1"]

1. e4 c6 2. d4 d5 3. Nc3 g6 4. e5 h5 5. g3 Nh6 6. Nf3 Bg4 7. h3 Bxf3 8. Qxf3 Nf5 9. Be3 e6 10. a3 b5 11. g4 Nxe3 12. fxe3 Qh4+ 13. Qf2 hxg4 14. Qxh4 Rxh4 15. Kf2 Be7 16. Bg2 gxh3 17. Bxh3 Nd7 18. Kg3 Nf8 19. Raf1 g5 20. Rf2 Ng6 21. Rhf1 f5 22. Rh2 g4 23. Bg2 Rxh2 24. Kxh2 Bg5 25. Nd1 Kf7 26. Rh1 Rh8+ 27. Kg1 Rxh1+ 28. Bxh1 Kg7 29. Kf2 Kh6 30. b3 Be7 31. a4 bxa4 32. bxa4 c5 33. Nc3 a6 34. Ne2 Bh4+ 35. Kg1 Bg5 36. Kf2 c4 37. Bg2 Kg7 38. Nc3 Ne7 39. Bf1 Nc6 40. Be2 Bh4+ 41. Kf1 Kf7 42. Bd1 Ke8 43. Ne2 Bg5 44. Kf2 Kd7 45. Nc1 Kc7 46. Na2 Kb6 47. Ke2 Ka5 48. c3 Na7 49. Kf2 Be7 50. e4 Bh4+ 51. Kg1 Nc6 52. exd5 exd5 53. Bc2 Ne7 54. Bd1 Bg5 55. Kg2 Bd2 56. Kg3 Kb6 57. Bc2 a5 58. Bd1 Kc7 59. Kf2 Kd7 60. Ke2 Bf4 61. Bc2 Ke6 62. Kf2 Kf7 63. Bd1 Kg6 64. Be2 Kg5 65. Kg2 Be3 66. Kf1 Kh4 67. Kg2 f4 68. Bd1 Kg5 0-1

[Event "Ilichevsk Sunny Pawn op"]
[Site "Ilichevsk"]
[Date "2007.07.30"]
[Round "10"]
[White "Zazuliak, Andriy"]
[Black "Shilo, Evgenija"]
[Result "1/2-1/2"]
[WhiteElo "2146"]
[BlackElo "1996"]
[PlyCount "58"]
[EventDate "2007.07.20"]
[EventType "swiss"]
[EventRounds "11"]
[EventCountry "UKR"]
[SourceTitle "CBM 119 Extra"]
[Source "ChessBase"]
[SourceDate "2007.09.04"]
[SourceVersion "1"]
[SourceVersionDate "2007.09.04"]
[SourceQuality "1"]

1. d4 Nf6 2. c4 g6 3. Nc3 Bg7 4. e4 d6 5. Nf3 0-0 6. Be2 e5 7. 0-0 Na6 8. Be3 Qe8 9. dxe5 dxe5 10. h3 Nh5 11. Qc1 f5 12. exf5 gxf5 13. Ne1 f4 14. Bd2 c6 15. Qd1 Nf6 16. Nd3 Bf5 17. f3 Rd8 18. Nf2 Qg6 19. Qc1 Rd4 20. Rd1 Bc2 21. Rf1 Rfd8 22. Be1 h5 23. b3 Bf8 24. Qb2 Bf5 25. a3 Bc5 26. Kh1 R4d7 27. b4 Rg7 28. Rg1 Bxh3 29. Bf1 Bxf2 1/2-1/2

[Event "Ilichevsk Sunny Pawn op"]
[Site "Ilichevsk"]
[Date "2007.07.27"]
[Round "7"]
[White "Shilo, Evgenija"]
[Black "Akulov, Leonid"]
[Result "1-0"]
[WhiteElo "1996"]
[BlackElo "2194"]
[PlyCount "139"]
[EventDate "2007.07.20"]
[EventType "swiss"]
[EventRounds "11"]
[EventCountry "UKR"]
[SourceTitle "CBM 119 Extra"]
[Source "ChessBase"]
[SourceDate "2007.09.04"]
[SourceVersion "1"]
[SourceVersionDate "2007.09.04"]
[SourceQuality "1"]

1. e4 c5 2. Nf3 d6 3. g3 Nf6 4. d3 Nc6 5. Bg2 e5 6. 0-0 Be7 7. h3 h6 8. c3 Be6 9. d4 exd4 10. cxd4 d5 11. exd5 Nxd5 12. dxc5 Bxc5 13. Qc2 Qb6 14. Nc3 Nxc3 15. Qxc3 0-0 16. a3 Rac8 17. Be3 Bxe3 18. Qxe3 Qxe3 19. fxe3 Bd5 20. Rad1 Rfd8 21. Nd4 Ne5 22. Nf5 Bb3 23. Ne7+ Kf8 24. Nxc8 Bxd1 25. Bxb7 Be2 26. Rc1 Rd2 27. Nxa7 Bf3 28. Rc8+ Ke7 29. Nc6+ Nxc6 30. Bxc6 Bxc6 31. Rxc6 Rxb2 32. a4 Ra2 33. Rc4 g6 34. Rh4 h5 35. Re4+ Kd6 36. g4 h4 37. g5 Kd5 38. Rxh4 Re2 39. Rf4 Ke6 40. Rf6+ Ke7 41. Rf3 Ra2 42. Rf4 Re2 43. Re4+ Kf8 44. Kf1 Ra2 45. h4 Kg7 46. Rf4 Kf8 47. h5 Kg7 48. h6+ Kg8 49. Rb4 Kh7 50. Rb7 Kg8 51. Rb8+ Kh7 52. Rb7 Rxa4 53. Rxf7+ Kh8 54. Rf4 Ra5 55. Rg4 Ra2 56. Rg2 Ra1+ 57. Kf2 Rh1 58. Kf3 Kg8 59. Ke4 Rh3 60. Kd4 Kf7 61. e4 Ke7 62. Ke5 Rh5 63. Kf4 Kf7 64. Kg4 Rh1 65. Rf2+ Kg8 66. Rf6 Kh7 67. Kf4 Rg1 68. Rf7+ Kg8 69. Rg7+ Kh8 70. Rxg6 1-0

[Event "Ketrzyn op 9th"]
[Site "Ketrzyn"]
[Date "2006.12.28"]
[Round "4.14"]
[White "Major, Boguslaw"]
[Black "Shilo, Evgenija"]
[Result "1/2-1/2"]
[WhiteElo "1859"]
[BlackElo "1975"]
[PlyCount "46"]
[EventDate "2006.12.27"]
[EventType "swiss"]
[EventRounds "9"]
[EventCountry "POL"]
[SourceTitle "EXT 2023"]
[Source "ChessBase"]
[SourceDate "2022.10.05"]
[SourceVersion "1"]
[SourceVersionDate "2022.10.05"]
[SourceQuality "1"]

1. d4 Nf6 2. Bg5 g6 3. Bxf6 exf6 4. c4 Bg7 5. Nc3 d6 6. Nf3 f5 7. e3 Nd7 8. Be2 0-0 9. 0-0 a5 10. Qc2 Nf6 11. a3 c6 12. b4 axb4 13. axb4 Rxa1 14. Rxa1 d5 15. Ra8 dxc4 16. Bxc4 Qd6 17. Ng5 Nd5 18. Nxd5 cxd5 19. Bxd5 Be6 20. Rxf8+ Qxf8 21. Nxe6 fxe6 22. Bxe6+ Kh8 23. Qd3 Qxb4 1/2-1/2

[Event "Ketrzyn op 9th"]
[Site "Ketrzyn"]
[Date "2006.12.27"]
[Round "2.14"]
[White "Dzionk, Agata"]
[Black "Shilo, Evgenija"]
[Result "1/2-1/2"]
[WhiteElo "1741"]
[BlackElo "1975"]
[PlyCount "57"]
[EventDate "2006.12.27"]
[EventType "swiss"]
[EventRounds "9"]
[EventCountry "POL"]
[SourceTitle "EXT 2023"]
[Source "ChessBase"]
[SourceDate "2022.10.05"]
[SourceVersion "1"]
[SourceVersionDate "2022.10.05"]
[SourceQuality "1"]

1. e4 c5 2. Nf3 Nc6 3. d4 cxd4 4. Nxd4 g6 5. Nc3 Bg7 6. Nb3 Nf6 7. Bc4 d6 8. Bg5 a6 9. f4 b5 10. Bxf6 Bxf6 11. Bxf7+ Kxf7 12. Qd5+ Be6 13. Qxc6 b4 14. Nd5 Rc8 15. Qxa6 Bxb2 16. Rd1 Rxc2 17. 0-0 Bg4 18. Rde1 Bc3 19. Nxc3 Rxc3 20. f5 gxf5 21. exf5 Qa8 22. Qb6 Rc2 23. Rxe7+ Kxe7 24. Qe3+ Kd8 25. Qg5+ Kc7 26. Qe7+ Kc8 27. Qe6+ Kc7 28. Qe7+ Kc8 29. Qe6+ 1/2-1/2

[Event "Ketrzyn op 9th"]
[Site "Ketrzyn"]
[Date "2006.12.27"]
[Round "1.4"]
[White "Shilo, Evgenija"]
[Black "Budrewicz, Krzysztof"]
[Result "0-1"]
[WhiteElo "1975"]
[BlackElo "2211"]
[PlyCount "103"]
[EventDate "2006.12.27"]
[EventType "swiss"]
[EventRounds "9"]
[EventCountry "POL"]
[SourceTitle "EXT 2023"]
[Source "ChessBase"]
[SourceDate "2022.10.05"]
[SourceVersion "1"]
[SourceVersionDate "2022.10.05"]
[SourceQuality "1"]

1. e4 d6 2. d4 Nf6 3. Nc3 Nc6 4. h3 g6 5. g3 Bg7 6. Bg2 0-0 7. Nge2 e5 8. Be3 a6 9. a4 Rb8 10. a5 h5 11. 0-0 h4 12. Bg5 Qe8 13. d5 Nh7 14. gxh4 Nd4 15. Nxd4 exd4 16. Ne2 f5 17. exf5 Nxg5 18. hxg5 Rxf5 19. h4 Qe5 20. Qd3 Bd7 21. c4 Rf7 22. Ng3 Qf4 23. Qxg6 Qxh4 24. Rae1 Rbf8 25. Re4 Qh7 26. Qxh7+ Kxh7 27. Rh4+ Kg8 28. f4 d3 29. Be4 Bd4+ 30. Kg2 d2 31. f5 Rg7 32. f6 Be5 33. Rh8+ Kxh8 34. fxg7+ Kxg7 35. Rd1 Bf4 36. Nh5+ Kg8 37. Nf6+ Rxf6 38. gxf6 Ba4 39. Bf3 Bxd1 40. Bxd1 Be5 41. b3 Kf7 42. Kf3 Kxf6 43. Ke2 Bc3 44. Kd3 Bxa5 45. Ke4 Kg5 46. Be2 Bb4 47. Bd1 Kh4 48. Kf3 c6 49. dxc6 bxc6 50. Be2 Kh3 51. Bd1 Kh2 52. Bc2 0-1

[Event "EU-ch U16 Girls"]
[Site "Herceg Novi"]
[Date "2006.09.13"]
[Round "4"]
[White "Cheype, Marie"]
[Black "Shilo, Evgenija"]
[Result "1/2-1/2"]
[WhiteElo "1889"]
[BlackElo "1960"]
[PlyCount "38"]
[EventDate "2006.09.10"]
[EventType "swiss"]
[EventRounds "9"]
[EventCountry "MNE"]
[SourceTitle "CBM 114 Extra"]
[Source "ChessBase"]
[SourceDate "2006.11.03"]
[SourceVersion "1"]
[SourceVersionDate "2006.11.03"]
[SourceQuality "1"]

1. e4 c5 2. Nf3 Nc6 3. d4 cxd4 4. Nxd4 g6 5. c4 Nf6 6. Nc3 Nxd4 7. Qxd4 d6 8. f3 Bg7 9. Be3 0-0 10. Qd2 Be6 11. Bd3 Qa5 12. Ne2 Qxd2+ 13. Kxd2 Rfc8 14. Rac1 Nd7 15. b3 Ne5 16. Bb1 Bxc4 17. bxc4 Nxc4+ 18. Kd3 Nb2+ 19. Kd2 Nc4+ 1/2-1/2

[Event "BLR-ch U20 Girls"]
[Site "Minsk"]
[Date "2006.04.13"]
[Round "7"]
[White "Shilo, Evgenija"]
[Black "Homiakova, Ekaterina"]
[Result "1/2-1/2"]
[WhiteElo "1894"]
[BlackElo "1988"]
[PlyCount "48"]
[EventDate "2006.04.07"]
[EventType "tourn"]
[EventRounds "7"]
[EventCountry "BLR"]
[SourceTitle "EXT 2007"]
[Source "ChessBase"]
[SourceDate "2006.11.23"]
[SourceVersion "1"]
[SourceVersionDate "2006.11.23"]
[SourceQuality "1"]

1. e4 c5 2. Nf3 Nc6 3. d4 cxd4 4. Nxd4 g6 5. c4 Nf6 6. Nc3 d6 7. Be2 Nxd4 8. Qxd4 Bg7 9. Be3 0-0 10. Qd2 Ng4 11. Bxg4 Bxg4 12. f3 Be6 13. Nd5 Bxd5 14. exd5 Rc8 15. Rc1 e6 16. dxe6 fxe6 17. 0-0 d5 18. cxd5 Qxd5 19. Qxd5 exd5 20. Bxa7 Bxb2 21. Rxc8 Rxc8 22. Rd1 d4 23. Kf2 Rc2+ 24. Kg3 Rc4 1/2-1/2

[Event "BLR-ch U20 Girls"]
[Site "Minsk"]
[Date "2006.04.12"]
[Round "6"]
[White "Scherbakova, Alisa"]
[Black "Shilo, Evgenija"]
[Result "1/2-1/2"]
[WhiteElo "2003"]
[BlackElo "1894"]
[PlyCount "59"]
[EventDate "2006.04.07"]
[EventType "tourn"]
[EventRounds "7"]
[EventCountry "BLR"]
[SourceTitle "EXT 2007"]
[Source "ChessBase"]
[SourceDate "2006.11.23"]
[SourceVersion "1"]
[SourceVersionDate "2006.11.23"]
[SourceQuality "1"]

1. e4 c5 2. Nf3 Nc6 3. d4 cxd4 4. Nxd4 g6 5. Nc3 Bg7 6. Be3 Nf6 7. Nxc6 bxc6 8. e5 Nd5 9. Nxd5 cxd5 10. Qxd5 Rb8 11. Bxa7 Rxb2 12. Bd4 Rxc2 13. Bd3 e6 14. Qb5 Rc6 15. 0-0 Ba6 16. Qb3 Bxd3 17. Qxd3 0-0 18. a4 Qa5 19. Rfb1 d5 20. f4 Rfc8 21. Qe3 Bf8 22. h3 Bc5 23. Bxc5 Rxc5 24. Kh2 Ra8 25. f5 exf5 26. e6 Qc7+ 27. Kh1 fxe6 28. Qxe6+ Qf7 29. Qd6 Rca5 30. Rc1 1/2-1/2

[Event "BLR-ch U20 Girls"]
[Site "Minsk"]
[Date "2006.04.11"]
[Round "5"]
[White "Shilo, Evgenija"]
[Black "Leonovich, Evgenia"]
[Result "1-0"]
[WhiteElo "1894"]
[BlackElo "2033"]
[PlyCount "39"]
[EventDate "2006.04.07"]
[EventType "tourn"]
[EventRounds "7"]
[EventCountry "BLR"]
[SourceTitle "EXT 2007"]
[Source "ChessBase"]
[SourceDate "2006.11.23"]
[SourceVersion "1"]
[SourceVersionDate "2006.11.23"]
[SourceQuality "1"]

1. e4 c5 2. Nf3 e6 3. c4 d5 4. exd5 exd5 5. d4 cxd4 6. Nxd4 Nf6 7. Nc3 Be7 8. cxd5 Nxd5 9. Bb5+ Kf8 10. 0-0 Nxc3 11. bxc3 Qc7 12. Qf3 Bd7 13. Bc4 Qxc4 14. Qxb7 Bd6 15. Qxa8 Qxc3 16. Be3 Qa5 17. Rab1 Qe5 18. Nf3 Bc6 19. Rxb8+ Bxb8 20. Qxc6 1-0

[Event "BLR-ch U20 Girls"]
[Site "Minsk"]
[Date "2006.04.10"]
[Round "4"]
[White "Lvova, Yulia"]
[Black "Shilo, Evgenija"]
[Result "1-0"]
[WhiteElo "1894"]
[BlackElo "1894"]
[PlyCount "73"]
[EventDate "2006.04.07"]
[EventType "tourn"]
[EventRounds "7"]
[EventCountry "BLR"]
[SourceTitle "EXT 2007"]
[Source "ChessBase"]
[SourceDate "2006.11.23"]
[SourceVersion "1"]
[SourceVersionDate "2006.11.23"]
[SourceQuality "1"]

1. d4 Nf6 2. c4 g6 3. Nc3 Bg7 4. e4 d6 5. g3 0-0 6. Bg2 Nbd7 7. Nge2 e5 8. d5 Ne8 9. 0-0 f5 10. Be3 f4 11. gxf4 exf4 12. Bxf4 Rxf4 13. Nxf4 Qh4 14. Nfe2 Ne5 15. f3 Nxc4 16. Qe1 Qe7 17. Qc1 Qh4 18. b3 Ne5 19. Qe1 Qe7 20. f4 Ng4 21. Qg3 g5 22. h3 gxf4 23. Nxf4 Bd4+ 24. Kh1 Qg7 25. hxg4 Bxc3 26. Rac1 Be5 27. Bh3 Qg5 28. Rf3 Nf6 29. Rxc7 Nxe4 30. Qh2 Nf6 31. Qf2 Bxg4 32. Bxg4 Nxg4 33. Qc2 Qh6+ 34. Rh3 Nf2+ 35. Qxf2 Qxf4 36. Qg2+ Kf8 37. Rf3 1-0

[Event "BLR-ch U20 Girls"]
[Site "Minsk"]
[Date "2006.04.08"]
[Round "2"]
[White "Savurko, Alexandra"]
[Black "Shilo, Evgenija"]
[Result "1/2-1/2"]
[WhiteElo "2145"]
[BlackElo "1894"]
[PlyCount "63"]
[EventDate "2006.04.07"]
[EventType "tourn"]
[EventRounds "7"]
[EventCountry "BLR"]
[SourceTitle "EXT 2007"]
[Source "ChessBase"]
[SourceDate "2006.11.23"]
[SourceVersion "1"]
[SourceVersionDate "2006.11.23"]
[SourceQuality "1"]

1. d4 Nf6 2. c4 g6 3. Nc3 Bg7 4. e4 d6 5. Nf3 0-0 6. Be2 Na6 7. Bg5 Qe8 8. 0-0 e5 9. dxe5 dxe5 10. Nd5 Nxd5 11. cxd5 f5 12. Bxa6 bxa6 13. Be3 Qb5 14. Rc1 fxe4 15. Ng5 Rd8 16. Rxc7 Rxd5 17. Qc2 Bf5 18. a4 Qd3 19. Qc6 Rad8 20. Ne6 Bxe6 21. Qxe6+ Kh8 22. Bh6 R5d7 23. Bxg7+ Kxg7 24. Qxe5+ Kf7 25. Rfc1 Rxc7 26. Rxc7+ Rd7 27. Rxd7+ Qxd7 28. h3 Qxa4 29. Qc7+ Kg8 30. Qxa7 Qa1+ 31. Kh2 Qxb2 32. Qxa6 1/2-1/2

[Event "BLR-ch U20 Girls"]
[Site "Minsk"]
[Date "2006.04.07"]
[Round "1"]
[White "Shilo, Evgenija"]
[Black "Grib, Tatiana"]
[Result "0-1"]
[WhiteElo "1894"]
[BlackElo "2061"]
[PlyCount "108"]
[EventDate "2006.04.07"]
[EventType "tourn"]
[EventRounds "7"]
[EventCountry "BLR"]
[SourceTitle "EXT 2007"]
[Source "ChessBase"]
[SourceDate "2006.11.23"]
[SourceVersion "1"]
[SourceVersionDate "2006.11.23"]
[SourceQuality "1"]

1. e4 e6 2. d4 d5 3. Nc3 Nf6 4. e5 Nfd7 5. f4 c5 6. Nf3 Nc6 7. Be3 Be7 8. Qd2 a6 9. Be2 0-0 10. 0-0 f6 11. exf6 Rxf6 12. dxc5 Nxc5 13. Nd4 Nd7 14. Nb3 Nb6 15. Bd4 Nxd4 16. Qxd4 Bd6 17. Nc5 Qc7 18. Nd3 Nc4 19. Kh1 Qb6 20. Qxb6 Nxb6 21. Ne5 Nd7 22. Nxd7 Bxd7 23. g3 Bc6 24. Bf3 g5 25. Ne2 gxf4 26. gxf4 Bxf4 27. Nxf4 Rxf4 28. Bg2 Raf8 29. Kg1 Rxf1+ 30. Bxf1 Rf4 31. Re1 Kf7 32. Bd3 h6 33. Kg2 Kf6 34. Kg3 e5 35. Bf1 d4 36. Be2 Kg5 37. h3 Kf6 38. Bg4 Be4 39. Re2 b5 40. a3 Bg6 41. Bf3 h5 42. h4 Ke6 43. Bb7 a5 44. Bc8+ Kf6 45. Bd7 b4 46. axb4 axb4 47. b3 Be4 48. Be8 Rg4+ 49. Kh3 Bf5 50. Rf2 Rg8+ 51. Rxf5+ Kxf5 52. Bxh5 Kf4 53. Bf7 Rg3+ 54. Kh2 Rc3 0-1